000 00901nam a2200253Ia 4500
003 OSt
005 20221005112548.0
006 a|||||r|||| 00| 0
007 ta
008 221004b |||||||| |||| 00| 0 pan d
020 _c250
024 _a104533
037 _b7830/I, 31/01/2011, Arsee Publishers
_cTextual
040 _aCRL
_cCRL
_bpan
041 _2pan
_apan
082 _aO153,3N371:g(Y:1), P9
100 _aਗੁਰਜੰਟ ਸਿੰਘ
245 0 _aਰਵਿੰਦਰ ਰਵੀ ਦੀ ਕਹਾਣੀ
_b ਸੱਭਿਆਚਾਰਕ ਪਰਿਪੇਖ
260 _aਚੰਡੀਗੜ
_bਲੋਕਗੀਤ ਭਾਰਤ
_c2009
300 _a190ਪੰ
_ccm.
650 _aਪੰਜਾਬੀ ਸਾਹਿਤ
942 _hO153,3N371:g(Y:1), P9
_cTEXL
_2cc
999 _c1025248
_d1025248